000 00596nam a2200193 a 4500
005 20140412111242.0
008 020409s19uu xx 00 eng d
020 _a1-85758-069-9
050 _aTR(GS 372.7
_bC331 1998
100 _aCarvill, Sarah
245 _aMath skills, ages 5-6 :
_bKey stage I learning workbook /
_cSarah Carvill and Jo Power-O'Keefe.
260 _aLondon :
_bLetts Educational,
_c1998.
300 _a40 p. ; ill
440 _aLetts Numeracy
520 _aKey stage I math, ages 5-6
650 _aMath
_xJuvenile literature
650 _aMath
_xskills
999 _c102790
_d102790